Xunzi: [20 juan /

Saved in:
நூற்பட்டியல் விவரங்கள்
தலைமை எழுத்தாளர்: Xunzi, 340 B.C.-245 B.C.
மற்ற எழுத்தாளர்கள்: Yang, Jing, active 8th century-9th century.
வடிவம்: புத்தகம்
மொழி:Chinese
வெளியீடப்பட்டது: Shanghai : Zhonghua shu ju, between 1927 and 1936]
தொகுதி:Si bu bei yao ; v. 1364-1367.
குறியீடுகள்: குறிச்சொல் இணை
குறியீடுகள் இல்லை, இந்த குறிச்சொல்லை முதலில் பதிவு செய்யுங்கள்!
LEADER 01324cam a2200337ua 4500
001 007728663-4
005 20024617104250.0
008 890503q19271936cc 000 0 chi d
035 0 |a ocm19650815 
040 |a InU  |c InU  |d *YNH*  |d CStRLIN 
100 0 |6 880-01  |a Xunzi,  |d 340 B.C.-245 B.C. 
245 1 0 |6 880-02  |a Xunzi:  |b [20 juan /  |c Xunzi zhuan ; Yang Jing zhu. 
260 |6 880-03  |a Shanghai :  |b Zhonghua shu ju,  |c between 1927 and 1936] 
300 |a 4 v. (double leaves, in case) ;  |c 21 cm. 
490 1 |6 880-04  |a Si bu bei yao. Zi bu 
500 |6 880-05  |a Ju Jiashan Xie shi ben jiao kan. 
501 |6 880-06  |a With: Xunzi jiao kan bu yi. 
700 1 |6 880-07  |a Yang, Jing,  |d active 8th century-9th century. 
740 0 |6 880-08  |a Xunzi jiao kan bu yi. 
880 0 |6 100-01  |a 荀子,  |d 340 B.C.-245 B.C. 
880 1 0 |6 245-02  |a 荀子 :  |b [20卷 /  |c 荀子撰; 楊倞注. 
880 |6 260-03  |a 上海 :  |b 中華書局,  |c between 1927 and 1936] 
880 1 |6 490-04  |a 四部備要. 子部 
880 |6 500-05  |a 據嘉善謝氏本校刋. 
880 |6 501-06  |a With: 荀子校勘補遺. 
880 1 |6 700-07  |a 楊倞,  |d active 8th century-9th century. 
880 0 |6 740-08  |a 荀子校勘補遺. 
830 0 |6 880-09  |a Si bu bei yao ;  |v v. 1364-1367. 
880 0 |6 830-09  |a 四部備要 ;  |v v. 1364-1367. 
988 |a 20021127 
906 |0 OCLC